<?xml version="1.0" encoding="UTF-8"?>
<record
    xmlns:xsi="http://www.w3.org/2001/XMLSchema-instance"
    xsi:schemaLocation="http://www.loc.gov/MARC21/slim http://www.loc.gov/standards/marcxml/schema/MARC21slim.xsd"
    xmlns="http://www.loc.gov/MARC21/slim">

  <leader>01793nam a2200253 a 4500</leader>
  <controlfield tag="001">000038720</controlfield>
  <controlfield tag="003">DO-SdBNP</controlfield>
  <controlfield tag="005">20171011114459.0</controlfield>
  <controlfield tag="008">110408s1993    dr ac         000 0 spa d</controlfield>
  <datafield tag="040" ind1=" " ind2=" ">
    <subfield code="a">BPMSU</subfield>
    <subfield code="b">spa</subfield>
    <subfield code="c">BPMSU</subfield>
  </datafield>
  <datafield tag="082" ind1="0" ind2="4">
    <subfield code="a">972.93</subfield>
    <subfield code="b">M385m</subfield>
  </datafield>
  <datafield tag="100" ind1="1" ind2=" ">
    <subfield code="a">Mart&#xED;nez Almanzar, Juan Francisco</subfield>
  </datafield>
  <datafield tag="245" ind1="1" ind2="0">
    <subfield code="a">Manual de historia cr&#xED;tica dominicana (1492-1965) /</subfield>
    <subfield code="c">Juan Francisco Mart&#xED;nez Almanzar.</subfield>
  </datafield>
  <datafield tag="250" ind1=" " ind2=" ">
    <subfield code="a">2a. ed., ampliada</subfield>
  </datafield>
  <datafield tag="260" ind1=" " ind2=" ">
    <subfield code="a">Santo Domingo :</subfield>
    <subfield code="b">CAIS,</subfield>
    <subfield code="c">1993.</subfield>
  </datafield>
  <datafield tag="300" ind1=" " ind2=" ">
    <subfield code="a">541, [17] p. :</subfield>
    <subfield code="b">il. ;</subfield>
    <subfield code="c">23 cm.</subfield>
  </datafield>
  <datafield tag="505" ind1="0" ind2=" ">
    <subfield code="a">Prehistoria e historia  -- </subfield>
    <subfield code="t">Situaci&#xF3;n de Europa del descubrimiento  -- </subfield>
    <subfield code="t">La sociedad aborigen --</subfield>
    <subfield code="t"> El descubrimiento de Am&#xE9;rica  -- </subfield>
    <subfield code="t">Conquista y colonizaci&#xF3;n  -- </subfield>
    <subfield code="t">Col&#xF3;n y la anulaci&#xF3;n de las capitulaciones de Santa Fe  -- </subfield>
    <subfield code="t">El r&#xE9;gimen de las encomiendas -- </subfield>
    <subfield code="t">Inicio de la industria azucarera  -- </subfield>
    <subfield code="t">La Espa&#xF1;ola de 1520 a 1550  -- </subfield>
    <subfield code="t">La Espa&#xF1;ola en la segunda mitad del siglo XVI  -- </subfield>
    <subfield code="t">La isla de Santo Domingo en el siglo XVII  -- </subfield>
    <subfield code="t">La revoluci&#xF3;n Haitiana  -- </subfield>
    <subfield code="t">La dominaci&#xF3;n Francesa y Espa&#xF1;ola a principios del siglo XIX -- </subfield>
    <subfield code="t">Unificaci&#xF3;n pol&#xED;tica de las isla y separaci&#xF3;n -- </subfield>
    <subfield code="t">Los inicios de la primera Rep&#xFA;blica  -- </subfield>
    <subfield code="t">El caudillismo y la situaci&#xF3;n de la naciente Rep&#xFA;blica durante su primer per&#xED;odo (1844-1861)  -- </subfield>
    <subfield code="t">Anexi&#xF3;n y guerra de restauraci&#xF3;n --</subfield>
    <subfield code="t">La Espa&#xF1;ola en la segunda mitad del siglo XVI  -- </subfield>
    <subfield code="t"> -- Unificaci&#xF3;n pol&#xED;tica de las isla y separaci&#xF3;n  -- </subfield>
    <subfield code="t">Los inicios de la primera Rep&#xFA;blica.</subfield>
  </datafield>
  <datafield tag="651" ind1=" " ind2="4">
    <subfield code="a">REP&#xDA;BLICA DOMINICANA</subfield>
    <subfield code="x">HISTORIA</subfield>
    <subfield code="y">1492-1965</subfield>
  </datafield>
  <datafield tag="710" ind1="2" ind2=" ">
    <subfield code="a">Centro de Adiestramiento e Investigaci&#xF3;n Social (Rep&#xFA;blica Dominicana)</subfield>
  </datafield>
  <datafield tag="910" ind1=" " ind2=" ">
    <subfield code="a">Validado. Control de calidad MFF</subfield>
  </datafield>
  <datafield tag="942" ind1=" " ind2=" ">
    <subfield code="2">ddc</subfield>
    <subfield code="c">BK</subfield>
  </datafield>
  <datafield tag="945" ind1=" " ind2=" ">
    <subfield code="a">T&#xED;tulo remanejado pra BNPHU / 2017 </subfield>
  </datafield>
  <datafield tag="952" ind1=" " ind2=" ">
    <subfield code="0">0</subfield>
    <subfield code="1">0</subfield>
    <subfield code="2">ddc</subfield>
    <subfield code="4">0</subfield>
    <subfield code="7">0</subfield>
    <subfield code="8">CD</subfield>
    <subfield code="a">BPMET</subfield>
    <subfield code="b">BPMET</subfield>
    <subfield code="d">2015-02-24</subfield>
    <subfield code="l">0</subfield>
    <subfield code="o">972.93     M385m</subfield>
    <subfield code="p">BPMSU15040145</subfield>
    <subfield code="r">2015-02-24</subfield>
    <subfield code="w">2015-02-24</subfield>
    <subfield code="y">BK</subfield>
  </datafield>
  <datafield tag="956" ind1=" " ind2=" ">
    <subfield code="a">VMATEO</subfield>
    <subfield code="b">10</subfield>
    <subfield code="c">20150908</subfield>
    <subfield code="l">BPMSU</subfield>
    <subfield code="h">00151</subfield>
  </datafield>
  <datafield tag="999" ind1=" " ind2=" ">
    <subfield code="c">7497</subfield>
    <subfield code="d">7497</subfield>
  </datafield>
</record>
